000 01286nam0a22002771 4500
001 RU\NLR\A1SV\14527
005 20251203171251.9
035 _a(NLR Aleph) 009699800
090 _a9779211
_c9779211
100 _a19991207d1926 u y0rusy50 ca
101 0 _arus
102 _aRU
200 1 _aАлфавитный список железнодорожных станций, участвующих в прямом сообщении
_e(Станции, вкл. в Объед. сб. тариф. расстояний применяемых в прямых сообщениях дорог СССР - Ч.VI Свода тарифов на перевозку грузов - Тариф. рук. N 85)
_fСост. К.В.Быков, чл. Ред. ком. и техн. ред. журн. "Сб. тарифов ж.-д. и вод. транспорта СССР"
_gНар. ком. пут. сообщ.
210 _aМ.
_cРед. офиц. изд. НКПС
_d1926
215 _a76 с.
_cтабл.
_d26 см
620 _dМосква
700 1 _aБыков
_bК.В.
_gКонстантин Викторович
_4070
801 0 _aRU
_bNLR
_c19991207
852 _aNLR
_j42/179
899 _aБАН
899 _aРКП
899 _aРГБ
942 _cBOOK
980 _aNB
980 _aA1SV